[Event "op"]
[Site "Oberwart"]
[Date "1997.07.09"]
[Round "5"]
[White "Wadsack, Wolfgang"]
[Black "Ruck, Robert"]
[Result "1/2-1/2"]
[WhiteElo "2165"]
[BlackElo "2450"]
[PlyCount "49"]
[EventDate "1997.07.09"]

1. e4 c5 2. c3 Nf6 3. e5 Nd5 4. d4 cxd4 5. cxd4 e6 6. Nf3 d6 7. a3 Bd7 8. Bd3
Bc6 9. O-O Nd7 10. Re1 dxe5 11. dxe5 a5 12. Bg5 Be7 13. Bxe7 Qxe7 14. Nbd2 Nc5
15. Ne4 O-O 16. Nxc5 Qxc5 17. Rc1 Qe7 18. Nd4 Rfc8 19. Nxc6 bxc6 20. Rc4 g6 21.
Qc1 Rab8 22. Re2 Rb6 23. h4 h5 24. Rec2 Kg7 25. Be4 {.} 1/2-1/2

[Event "op"]
[Site "Oberwart"]
[Date "1997.07.09"]
[Round "5"]
[White "Danner, Georg"]
[Black "Schwab, Rene"]
[Result "1/2-1/2"]
[WhiteElo "2430"]
[BlackElo "2280"]
[PlyCount "145"]
[EventDate "1997.07.09"]

1. d4 d5 2. Nf3 c6 3. c4 Nf6 4. e3 Bg4 5. cxd5 Bxf3 6. Qxf3 Qxd5 7. Qd1 Nbd7 8.
Nc3 Qa5 9. Qb3 Qb6 10. Qxb6 axb6 11. Be2 e5 12. O-O Bb4 13. Rd1 Ke7 14. Bd2 b5
15. a3 Bxc3 16. Bxc3 Nd5 17. dxe5 Nxc3 18. bxc3 Ra5 19. c4 bxc4 20. Bxc4 Nxe5
21. Be2 Rha8 22. Rdb1 b5 23. f4 Nc4 24. Bxc4 bxc4 25. Rc1 Ra4 26. Rc3 Kd6 27.
Rd1+ Kc5 28. Rd4 Rb8 29. Kf2 Rb2+ 30. Kf3 Ra2 31. f5 f6 32. h3 Kb5 33. g4 c5
34. Rd7 R2xa3 35. Rb7+ Kc6 36. Rxa3 Rxa3 37. Rxg7 Ra2 38. g5 fxg5 39. Rxg5 c3
40. Rg1 Kd5 41. e4+ Kd4 42. f6 Ra6 43. Rd1+ Ke5 44. Rd5+ Kxf6 45. Rxc5 Ra3 46.
Kf4 Ke6 47. h4 Kd6 48. Rc4 Rb3 49. Rc8 Kd7 50. Rc5 Kd6 51. Rc4 Ra3 52. Kg4 Rb3
53. h5 h6 54. Kf4 Ra3 55. e5+ Kd5 56. Rc8 Ra4+ 57. Kf5 Rc4 58. Rxc4 Kxc4 59. e6
c2 60. e7 c1=Q 61. e8=Q Qg5+ 62. Ke6 Qd5+ 63. Ke7 Qe5+ 64. Kf8 Qxe8+ 65. Kxe8
Kd5 66. Kf7 Kd6 67. Kg6 Ke7 68. Kxh6 Kf8 69. Kh7 Kf7 70. h6 Kf8 71. Kg6 Kg8 72.
h7+ Kh8 73. Kh6 {} 1/2-1/2

[Event "op"]
[Site "Oberwart"]
[Date "1997.07.09"]
[Round "5"]
[White "Karlusch, Albrecht"]
[Black "Kiss, Attila"]
[Result "0-1"]
[WhiteElo "2040"]
[BlackElo "2425"]
[PlyCount "68"]
[EventDate "1997.07.09"]

1. e4 d5 2. Nc3 Nf6 3. exd5 Nxd5 4. Bc4 e6 5. Nf3 Be7 6. d4 O-O 7. O-O Nxc3 8.
bxc3 Nd7 9. Bd3 c5 10. a4 Qc7 11. Qe2 g6 12. a5 a6 13. Bh6 Re8 14. Ng5 Nf6 15.
Ne4 cxd4 16. cxd4 Bd7 17. Qf3 Nxe4 18. Bxe4 Bc6 19. Bxc6 bxc6 20. Rfb1 Rab8 21.
Bf4 Bd6 22. Bxd6 Qxd6 23. Qd3 Rb5 24. Rxb5 cxb5 25. c4 bxc4 26. Qxc4 Rb8 27. g3
Rb5 28. Ra4 Qd8 29. Qc3 Rb1+ 30. Kg2 Qd5+ 31. f3 Rb3 {} 32. Qc1 Qxf3+ 33. Kg1
Qe4 34. d5 Qxa4 0-1

[Event "op"]
[Site "Oberwart"]
[Date "1997.07.09"]
[Round "5"]
[White "Laschet, Erwin"]
[Black "Rogulj, Branko"]
[Result "0-1"]
[WhiteElo "2005"]
[BlackElo "2425"]
[PlyCount "50"]
[EventDate "1997.07.09"]

1. c4 c5 2. Nc3 Nc6 3. g3 g6 4. Bg2 Bg7 5. d3 a6 6. e4 b5 7. Nh3 Rb8 8. O-O d6
9. f4 Nd4 10. Ng5 Nh6 11. h3 O-O 12. f5 e6 13. g4 Re8 14. Nf3 b4 15. Ne2 Nxe2+
16. Qxe2 exf5 17. Bg5 f6 18. Bxh6 Bxh6 19. gxf5 Bxf5 20. Qf2 Be6 21. b3 f5 22.
exf5 Bxf5 23. Qg3 Bxd3 24. Nh4 Bxf1 25. Rxf1 Qg5 {} 0-1

[Event "op"]
[Site "Oberwart"]
[Date "1997.07.09"]
[Round "5"]
[White "Frosch, Ronald"]
[Black "Weiss, Christian"]
[Result "1/2-1/2"]
[WhiteElo "1986"]
[BlackElo "2315"]
[PlyCount "95"]
[EventDate "1997.07.09"]

1. d4 g6 2. Nf3 Bg7 3. Bf4 d6 4. e3 Nd7 5. Nbd2 Ngf6 6. h3 O-O 7. c3 c5 8. Be2
b6 9. O-O Bb7 10. Re1 Qc7 11. Bf1 Rfe8 12. Nb3 Ne4 13. Nfd2 Ndf6 14. Nxe4 Nxe4
15. Bb5 Red8 16. f3 Nf6 17. e4 e5 18. Be3 Nh5 19. d5 Qe7 20. Nc1 f5 21. Qd2 Rf8
22. Ne2 f4 23. Bf2 Bf6 24. b4 Ng7 25. Bc6 Rad8 26. Bxb7 Qxb7 27. a4 h5 28. bxc5
bxc5 29. Reb1 Qc7 30. c4 Rb8 31. Be1 Bd8 32. Rxb8 Qxb8 33. Qc2 Rf7 34. Rb1 Rb7
35. Rxb7 Qxb7 36. Bc3 Ne8 37. Qb2 Qc8 38. Qb5 Kf7 39. a5 a6 40. Qb3 g5 41. Kh2
g4 42. Qb2 Nf6 43. Be1 Nh7 44. Qb1 Nf8 45. Ng1 Nd7 46. Ne2 Ke8 47. Qb2 Bg5 48.
Qb3 {.} 1/2-1/2

[Event "op"]
[Site "Oberwart"]
[Date "1997.07.09"]
[Round "5"]
[White "Steiner, Karl"]
[Black "Wohlfahrt, Herbert"]
[Result "0-1"]
[WhiteElo "1940"]
[BlackElo "2275"]
[PlyCount "58"]
[EventDate "1997.07.09"]

1. d4 Nf6 2. Nf3 g6 3. g3 Bg7 4. Bg2 O-O 5. O-O d6 6. Nbd2 Nc6 7. e4 e5 8. dxe5
dxe5 9. c3 Be6 10. Qc2 h6 11. Nb3 Qe7 12. Be3 b6 13. h3 a5 14. Rad1 Nd7 15. Nh4
a4 16. Nc1 Nc5 17. Rfe1 Na5 18. f3 Nc4 19. Bf2 Bf6 20. Nd3 Nxd3 21. Rxd3 Bg5
22. Red1 a3 23. bxa3 Rxa3 24. Bf1 Rfa8 25. Ra1 Nd6 26. Ng2 Rxa2 27. Rxa2 Rxa2
28. Qb1 Ra5 29. f4 Bf6 {} 0-1

[Event "op"]
[Site "Oberwart"]
[Date "1997.07.09"]
[Round "5"]
[White "Hopfgartner, Heinz"]
[Black "Petschar, Kurt"]
[Result "0-1"]
[WhiteElo "1897"]
[BlackElo "2270"]
[PlyCount "136"]
[EventDate "1997.07.09"]

1. c4 e5 2. Nc3 Nc6 3. g3 f5 4. Bg2 Nf6 5. e3 d5 6. cxd5 Nb4 7. d3 Nfxd5 8.
Nxd5 Nxd5 9. Nf3 Bd6 10. O-O c6 11. e4 fxe4 12. dxe4 Nf6 13. Qb3 Qe7 14. Bg5
Qe6 15. Qc2 O-O 16. Rad1 Bc7 17. Be3 h6 18. Bc5 Re8 19. b3 Qf7 20. Bd6 Bg4 21.
Bxc7 Qxc7 22. Rd2 Rad8 23. Rfd1 Rxd2 24. Rxd2 Qa5 25. Rd3 Kh7 26. Nd2 Be2 27.
Rc3 Rd8 28. Nc4 Bxc4 29. bxc4 Rd4 30. Bh3 g6 31. Qb3 Qc7 32. Qa3 Nxe4 33. Re3
Ng5 34. Bf1 e4 35. Qf8 Qf7 36. Qxf7+ Nxf7 37. f4 exf3 38. Rxf3 Kg7 39. Ra3 a6
40. Rb3 Rd7 41. Rb2 Ng5 42. Bg2 Kf7 43. Kf2 Ne6 44. Bh3 Re7 45. Bxe6+ Kxe6 46.
Ke3 Kd6+ 47. Kd4 c5+ 48. Kd3 Kc6 49. a4 Rd7+ 50. Kc3 b6 51. Rf2 Rd6 52. Rf7 b5
53. axb5+ axb5 54. cxb5+ Kxb5 55. Rb7+ Kc6 56. Rh7 h5 57. Kc4 Rd4+ 58. Kc3 Kd6
59. Rg7 Rg4 60. Rf7 Ke5 61. Rc7 Kd5 62. Re7 Ra4 63. Rd7+ Ke5 64. Re7+ Kf6 65.
Re2 Kf5 66. Rf2+ Kg4 67. Rf6 g5 68. Rh6 Ra2 {} 0-1

[Event "op"]
[Site "Oberwart"]
[Date "1997.07.09"]
[Round "5"]
[White "Sardy, Peter"]
[Black "Pingitzer, Harald"]
[Result "1-0"]
[WhiteElo "1723"]
[BlackElo "2260"]
[PlyCount "144"]
[EventDate "1997.07.09"]

1. e4 c6 2. d4 d5 3. Nc3 dxe4 4. Nxe4 Bf5 5. Ng3 Bg6 6. h4 h6 7. Nf3 Nd7 8. h5
Bh7 9. Bd3 Bxd3 10. Qxd3 e6 11. Bf4 Qa5+ 12. Bd2 Qc7 13. O-O-O O-O-O 14. Kb1
Ngf6 15. Rh4 Bd6 16. c4 c5 17. Qc2 cxd4 18. Nxd4 a6 19. Nge2 Kb8 20. b4 Be7 21.
c5 Nd5 22. Rh3 Rc8 23. Qa4 Rhd8 24. Rc1 Bf6 25. Ra3 Bxd4 26. Nxd4 Qe5 27. Be3
Qe4+ 28. Ka1 Nxe3 29. fxe3 e5 30. Nf3 f6 31. Rac3 Ka7 32. Qb3 Nb8 33. b5 axb5
34. Qxb5 Qc6 35. Qa5+ Na6 36. Rb3 Rd5 37. Qb6+ Kb8 38. Rbc3 Rxc5 39. Qxc6 R8xc6
40. Rxc5 Rxc5 41. Rd1 Kc7 42. Rh1 Rc2 43. Nh4 Nc5 44. Kb1 Rf2 45. Rh3 Ne4 46.
a3 Kd6 47. Rh1 Nc3+ 48. Kc1 Kd5 49. e4+ Kxe4 50. Rh3 Ne2+ 51. Kd1 Nd4 52. Rg3
Rf4 53. Ng6 Rf1+ 54. Kd2 Rh1 55. Ne7 Kf4 56. Rxg7 Rxh5 57. Nd5+ Kf5 {} 58. g4+
Ke6 59. Nc7+ Kd6 60. gxh5 Nf5 61. Ne8+ Kc6 62. Rg6 Kb5 63. Rxf6 Ng3 64. Rxh6
Ka4 65. Rb6 Nxh5 66. Rxb7 Kxa3 67. Kc3 Ka2 68. Nd6 Nf4 69. Nc4 Ne2+ 70. Kd2 Nd4
71. Nxe5 Nb3+ 72. Kc3 Nc5 1-0

[Event "op"]
[Site "Oberwart"]
[Date "1997.07.09"]
[Round "5"]
[White "Halser, Walter"]
[Black "Nielsen, Max"]
[Result "1/2-1/2"]
[WhiteElo "2100"]
[BlackElo "2255"]
[PlyCount "127"]
[EventDate "1997.07.09"]

1. e4 c5 2. Nf3 Nc6 3. c3 d5 4. exd5 Qxd5 5. d4 cxd4 6. cxd4 e5 7. Nc3 Bb4 8.
Bd2 Bxc3 9. Bxc3 e4 10. Ne5 Nxe5 11. dxe5 Ne7 12. Be2 O-O 13. O-O Qe6 14. Re1
Bd7 15. Bc4 Qf5 16. Qd4 Bc6 17. e6 f6 18. Rad1 h6 19. Bb3 a5 20. a4 Rfe8 21.
Qb6 Qg5 22. Qe3 Qh5 23. h3 Qg6 24. Qg3 Qxg3 25. fxg3 f5 26. Kf2 b6 27. Rd7 Kf8
28. Rd6 Red8 29. Red1 Rxd6 30. Rxd6 Rc8 31. Ke3 Ng8 32. Bd5 Bxd5 33. Rxd5 Ke7
34. Rxf5 Kxe6 35. Re5+ Kd6 36. Rxe4 Ne7 37. Kd3 g5 38. h4 Rg8 39. hxg5 Rxg5 40.
g4 Ng6 41. g3 h5 42. gxh5 Rxh5 43. Bd4 Rh3 44. Rg4 Ne5+ 45. Bxe5+ Kxe5 46. Rg6
Kd5 47. Rxb6 Rxg3+ 48. Kc2 Kc5 49. Rb5+ Kc4 50. Kb1 Rg8 51. Ka2 Ra8 52. Ka3 Ra7
53. b3+ Kc3 54. b4 axb4+ 55. Rxb4 Ra8 56. Rb7 Kc4 57. Rc7+ Kd5 58. Kb4 Kd6 59.
Rc1 Kd7 60. a5 Rc8 61. Ra1 Kc6 62. Rc1+ Kd7 63. Rd1+ Kc6 64. Rc1+ {.} 1/2-1/2

[Event "op"]
[Site "Oberwart"]
[Date "1997.07.09"]
[Round "5"]
[White "Buchegger, Karl"]
[Black "Stanetzek, Carsten"]
[Result "0-1"]
[WhiteElo "1962"]
[BlackElo "2220"]
[PlyCount "82"]
[EventDate "1997.07.09"]

1. c4 e6 2. g3 d5 3. cxd5 exd5 4. d4 c6 5. Bg2 Bd6 6. Nf3 Bg4 7. Nc3 f5 8. Bg5
Nf6 9. Ne5 Bh5 10. Qc2 h6 11. Bxf6 Qxf6 12. Nxd5 cxd5 13. Qc8+ Qd8 14. Qxb7 Nd7
15. Nxd7 Qa5+ 16. Kf1 Rd8 17. Nc5 Bxc5 18. Qc6+ Ke7 19. Qxc5+ Qxc5 20. dxc5 Rb8
21. b3 Bf7 22. Rc1 Rhc8 23. Ke1 Rb5 24. c6 Kd6 25. Kd2 Be8 26. Bh3 g6 27. g4
fxg4 28. Bxg4 Rxc6 29. Rxc6+ Bxc6 30. Bf3 Rb4 31. Rg1 g5 32. Rg4 a5 33. Kc2 Rb8
34. h4 Bd7 35. Rg2 Bh3 36. Rg3 Bf5+ 37. Kb2 gxh4 38. Rg1 Rc8 39. Rc1 Rxc1 40.
Kxc1 h3 41. a3 Be4 {} 0-1

[Event "op"]
[Site "Oberwart"]
[Date "1997.07.09"]
[Round "5"]
[White "Janisch, Robert"]
[Black "Wittmann, Walter"]
[Result "0-1"]
[WhiteElo "2090"]
[BlackElo "2390"]
[PlyCount "80"]
[EventDate "1997.07.09"]

1. d4 Nf6 2. c4 g6 3. Nc3 d5 4. Bg5 Ne4 5. Bh4 Nxc3 6. bxc3 dxc4 7. e3 Be6 8.
Qb1 b6 9. Nf3 Bg7 10. Qb4 a5 11. Qa3 c6 12. e4 b5 13. Be2 f6 14. Bg3 Na6 15.
O-O O-O 16. Rfd1 Bd7 17. Rab1 e6 18. Qd6 Re8 19. Qf4 a4 20. h4 Qe7 21. e5 f5
22. h5 gxh5 23. Bh4 Qf7 24. Ng5 Qg6 25. Qh2 Nc7 26. f4 h6 27. Nh3 Nd5 28. Rdc1
Reb8 29. Kf2 Be8 30. Ng1 Rc8 31. Bf3 Rc7 32. Ne2 Qf7 33. Ng3 Nxf4 34. Rh1 Qf8
35. Ke3 Nd5+ 36. Kd2 Qa3 37. Bxd5 cxd5 38. Bf6 Qxa2+ 39. Ke3 f4+ {} 40. Kf3
fxg3 0-1

[Event "op"]
[Site "Oberwart"]
[Date "1997.07.09"]
[Round "5"]
[White "Lendwai, Reinhard"]
[Black "Soponyai, Tamas"]
[Result "1-0"]
[WhiteElo "2385"]
[BlackElo "2150"]
[PlyCount "79"]
[EventDate "1997.07.09"]

1. e4 g6 2. d4 Bg7 3. Nc3 c6 4. Nf3 d6 5. Be2 Nd7 6. O-O Ngf6 7. Re1 O-O 8. a4
e5 9. Bg5 h6 10. Bh4 g5 11. Bg3 Nh5 12. dxe5 Nxg3 13. hxg3 dxe5 14. Nd2 Nc5 15.
Nc4 Be6 16. Ne3 Qc7 17. Bg4 Rad8 18. Qe2 Rd4 19. Bf5 Qd7 20. Qh5 Rd8 21. Kh2 a5
22. Rh1 Nxe4 {} 23. Bxe4 f5 24. Bd3 e4 25. Be2 Bf7 26. Qh3 Be6 27. Rad1 Qf7
28. Qh5 {} 28... Qf6 29. Rxd4 Rxd4 30. Qe8+ Kh7 31. Rd1 c5 32. Ncd5 Qe5 33.
Bh5 Bg8 34. Ne7 Qe6 35. Bg6+ Kh8 36. Rxd4 cxd4 37. N3xf5 d3 38. cxd3 exd3 39.
Qd8 Bf6 40. Qxg8+ 1-0

[Event "op"]
[Site "Oberwart"]
[Date "1997.07.09"]
[Round "5"]
[White "Vodep, Otto"]
[Black "Volkmann, Friedrich"]
[Result "1/2-1/2"]
[WhiteElo "2155"]
[BlackElo "2380"]
[PlyCount "129"]
[EventDate "1997.07.09"]

1. e4 e5 2. Nc3 Nf6 3. f4 d5 4. fxe5 Nxe4 5. Nf3 Bb4 6. Qe2 Bxc3 7. dxc3 O-O 8.
Be3 c6 9. O-O-O b5 10. Qe1 f5 11. exf6 Qxf6 12. Bd3 Nd7 13. Rf1 Qe7 14. Bg5
Ndf6 15. Qh4 h6 16. Bxf6 Nxf6 17. Rde1 Qd6 18. Nd4 Bd7 19. Qf4 Ne4 20. Qxd6
Nxd6 21. Nb3 Rae8 22. Rxf8+ Kxf8 23. Rxe8+ Kxe8 24. Nc5 Bc8 25. b3 Ke7 26. Kd2
Kf6 27. Ke3 Ke5 28. Bg6 Nf5+ 29. Kf2 Ne7 30. Nd3+ Kd6 31. Be8 Ng8 32. Bg6 Ne7
33. Be8 g5 34. g3 Bf5 35. Bf7 Bh7 36. Be8 Ng8 37. Bh5 Nf6 38. Bf3 c5 39. h4 c4
40. Ne1 Ne4+ 41. Bxe4 Bxe4 42. hxg5 hxg5 43. bxc4 bxc4 44. Nf3 Bxf3 45. Kxf3
Ke5 46. Kg4 d4 47. cxd4+ Kxd4 48. Kxg5 Kc3 49. g4 Kxc2 50. Kf6 c3 51. g5 Kb2
52. g6 c2 53. g7 c1=Q 54. g8=Q Qf4+ 55. Ke7 Qc7+ 56. Kf6 Qc3+ 57. Ke7 a5 58.
Qg2+ Qc2 59. Qxc2+ Kxc2 60. Kd6 a4 61. Kc5 Kb2 62. Kc4 Kxa2 63. Kc3 Kb1 64. Kb4
a3 65. Kxa3 {.} 1/2-1/2

[Event "op"]
[Site "Oberwart"]
[Date "1997.07.09"]
[Round "5"]
[White "Senoner, Erich"]
[Black "Bawart, Markus"]
[Result "0-1"]
[WhiteElo "2035"]
[BlackElo "2325"]
[PlyCount "74"]
[EventDate "1997.07.09"]

1. d4 Nf6 2. Bg5 c6 3. Bxf6 gxf6 4. e3 Qb6 5. Qc1 c5 6. c3 d5 7. Nf3 Nc6 8.
Nbd2 Bg4 9. h3 Bxf3 10. Nxf3 Bh6 11. Qd2 e5 12. dxc5 Qxc5 13. b4 Qd6 14. Nh4
Qd7 15. g4 O-O-O 16. Nf5 Bf8 17. Bg2 Kb8 18. a3 e4 19. O-O-O Ne5 20. Qa2 Nd3+
21. Kb1 Qa4 22. Rxd3 exd3 23. Bxd5 Qc2+ 24. Ka1 Qxc3+ 25. Kb1 Qc2+ 26. Ka1 Qc3+
27. Kb1 a5 28. Bb3 d2 29. Nd4 axb4 30. axb4 Bxb4 31. Rd1 Rd6 32. Qc2 Rc8 33.
Qxc3 Bxc3 34. Ne2 Rb6 35. Ka2 Rc5 36. Nxc3 Rxc3 37. Bxf7 Rc5 {} 0-1

[Event "op"]
[Site "Oberwart"]
[Date "1997.07.09"]
[Round "5"]
[White "Kovacs, Gabor"]
[Black "Olle, Peter"]
[Result "1/2-1/2"]
[WhiteElo "2325"]
[BlackElo "2110"]
[PlyCount "61"]
[EventDate "1997.07.09"]

1. d4 Nf6 2. Nf3 g6 3. Bg5 Ne4 4. Bh4 d5 5. e3 Bg7 6. Nbd2 O-O 7. Be2 c5 8. c3
cxd4 9. exd4 Nd7 10. O-O Ndf6 11. Qb3 Bg4 12. Rfe1 Bh6 13. Nxe4 dxe4 14. Ng5
Qa5 15. Nxe4 Bxe2 16. Nxf6+ exf6 17. Rxe2 Qh5 {} 18. Re7 Qxh4 19. Rae1 f5 20.
Rxb7 Qf6 21. Qb5 a6 22. Qd7 Rad8 23. Qa4 Rd6 24. Qb3 Qg5 25. Qd1 Bg7 26. Qd3 f4
27. Qf3 Qa5 28. Ra1 Qf5 29. Re1 Qa5 30. Ra1 Qf5 31. Re1 1/2-1/2

[Event "op"]
[Site "Oberwart"]
[Date "1997.07.09"]
[Round "5"]
[White "Kunz, Konstantin"]
[Black "Nickel, Arno"]
[Result "1/2-1/2"]
[WhiteElo "2295"]
[BlackElo "2065"]
[PlyCount "132"]
[EventDate "1997.07.09"]

1. d4 Nf6 2. c4 g6 3. f3 Bg7 4. e4 d6 5. Nc3 O-O 6. Nge2 Nc6 7. Be3 e5 8. d5
Ne7 9. Qd2 c5 10. dxc6 bxc6 11. O-O-O d5 12. cxd5 cxd5 13. exd5 Nf5 14. Kb1
Nxe3 15. Qxe3 Qa5 16. Nc1 Rb8 17. Bc4 e4 18. Bb3 exf3 19. gxf3 Bf5+ 20. Ka1
Rfc8 21. Rd4 Rxc3 22. Qxc3 Qxc3 23. bxc3 Nxd5 24. Rhd1 Bf6 25. Ne2 Ne3 26. R1d2
Bxd4 27. Nxd4 Nc4 28. Re2 Bd3 29. Re1 Na5 30. Bd5 Bc4 31. Nc6 Nxc6 32. Bxc4 Kf8
33. f4 Rb6 34. Bb3 Ne7 35. Kb2 Rf6 36. Re4 h6 37. c4 g5 38. fxg5 hxg5 39. h4
gxh4 40. Rxh4 Rf2+ 41. Kc3 Ng6 42. Rd4 Ke7 43. Kb4 Ne5 44. Kb5 f5 45. c5 Rf1
46. Rd5 Kf6 47. Rd6+ Kg5 48. c6 Rc1 49. Re6 Nf3 50. Rd6 Ne5 51. Bd5 f4 52. Re6
Kf5 53. Re8 f3 54. Rf8+ Kg4 55. Rf6 Kg3 56. Ka6 f2 57. Kb7 f1=Q 58. Rxf1 Rxf1
59. c7 Rb1+ 60. Kxa7 Rc1 61. Kb7 Ng6 62. c8=Q Rxc8 63. Kxc8 Ne7+ 64. Kb7 Nxd5
65. a4 Nb4 66. a5 Kf4 {.} 1/2-1/2

[Event "op"]
[Site "Oberwart"]
[Date "1997.07.10"]
[Round "6"]
[White "Vaulin, Alexander"]
[Black "Beim, Valeri"]
[Result "1/2-1/2"]
[WhiteElo "2490"]
[BlackElo "2555"]
[PlyCount "29"]
[EventDate "1997.07.10"]

1. Nf3 d6 2. d4 g6 3. g3 Bg7 4. Bg2 f5 5. c3 Nf6 6. Qb3 e6 7. O-O O-O 8. Nbd2
Nc6 9. Re1 d5 10. Rd1 Kh8 11. Ne1 e5 12. dxe5 Nxe5 13. Nef3 Nxf3+ 14. Nxf3 Qe7
15. Bf4 {.} 1/2-1/2

[Event "op"]
[Site "Oberwart"]
[Date "1997.07.10"]
[Round "6"]
[White "Stanec, Nikolaus"]
[Black "Cvitan, Ognjen"]
[Result "1/2-1/2"]
[WhiteElo "2460"]
[BlackElo "2550"]
[PlyCount "22"]
[EventDate "1997.07.10"]

1. d4 Nf6 2. Nf3 g6 3. c4 Bg7 4. Nc3 O-O 5. Bg5 d6 6. e3 c5 7. Be2 h6 8. Bh4
cxd4 9. exd4 g5 10. Bg3 Nh5 11. O-O Nxg3 {.} 1/2-1/2

[Event "op"]
[Site "Oberwart"]
[Date "1997.07.10"]
[Round "6"]
[White "Kobalija, Mihail"]
[Black "Zsinka, Laszlo"]
[Result "1/2-1/2"]
[WhiteElo "2545"]
[BlackElo "2360"]
[PlyCount "163"]
[EventDate "1997.07.10"]

1. e4 e5 2. Nf3 Nc6 3. Bc4 Nf6 4. d3 Be7 5. O-O O-O 6. Bb3 d6 7. c3 Na5 8. Bc2
c5 9. Nbd2 Nc6 10. Re1 Qc7 11. Nc4 h6 12. Ne3 Be6 13. Bb3 Rfe8 14. h3 Rad8 15.
Bd5 Bxd5 16. exd5 Nb8 17. c4 Bf8 18. Nd2 Nbd7 19. Ne4 g6 20. g4 Bg7 21. Qf3 Rf8
22. Kh1 Nh7 23. Rg1 Ndf6 24. Nc3 Qd7 25. Bd2 Kh8 26. Qg3 Ne8 27. Ng2 a6 28. a4
Nhf6 29. Rae1 b5 30. axb5 axb5 31. Qh4 bxc4 32. dxc4 Nh7 33. Qg3 Rb8 34. Bc1
Rb4 35. Qd3 Rb8 36. f4 exf4 37. Nxf4 g5 38. Nh5 Be5 39. Rgf1 Ng7 40. Rxe5 Nxh5
41. Re2 Ng7 42. Ref2 Rbe8 43. b3 Kg8 44. Bb2 f5 45. gxf5 Nf6 46. Re2 Rxe2 47.
Nxe2 Ngh5 48. Ng3 Nxg3+ 49. Qxg3 Ne4 50. Qg4 Nd2 51. Rf2 Nxb3 52. h4 Nd4 53.
Bxd4 cxd4 54. hxg5 hxg5 55. Qxg5+ Qg7 56. Qf4 Qf6 57. Qe4 Qh6+ 58. Kg1 Qc1+ 59.
Kh2 Qh6+ 60. Kg3 Qg5+ 61. Qg4 Qxg4+ 62. Kxg4 {} 62... Rc8 63. Kg5 Kf7 64. Ra2
Rxc4 65. Ra7+ Ke8 66. Kf6 d3 67. Ra3 Rd4 68. Ke6 Kd8 69. Kxd6 Kc8 70. Ra8+ Kb7
71. Ra1 d2 72. Rd1 Rf4 73. Ke6 Re4+ 74. Kd7 Re2 75. f6 Rf2 76. Ke7 Re2+ 77. Kd8
Rf2 78. d6 Rxf6 79. Rxd2 Re6 80. d7 Re3 81. Rb2+ Kc6 82. Kc8 1/2-1/2

[Event "op"]
[Site "Oberwart"]
[Date "1997.07.10"]
[Round "6"]
[White "Wohlfahrt, Herbert"]
[Black "Burmakin, Vladimir"]
[Result "0-1"]
[WhiteElo "2275"]
[BlackElo "2530"]
[PlyCount "116"]
[EventDate "1997.07.10"]

1. d4 d5 2. c4 e6 3. Nc3 Be7 4. Nf3 Nf6 5. Bg5 h6 6. Bh4 O-O 7. e3 Nbd7 8. Rc1
c6 9. Bd3 a6 10. cxd5 exd5 11. O-O Ne4 12. Bxe7 Qxe7 13. Qc2 Re8 14. Rce1 Ndf6
15. Ne5 Nxc3 16. bxc3 c5 17. c4 cxd4 18. exd4 dxc4 19. Bxc4 Be6 20. Bxe6 Qxe6
21. Re3 Rac8 22. Qb2 b5 23. Nd3 Qd6 24. Rxe8+ Rxe8 25. Nc5 Rd8 26. Qb3 Qc6 27.
Rd1 a5 28. h3 b4 29. a3 Nd5 30. axb4 axb4 31. Nd3 Qc3 32. Rb1 Qxb3 33. Rxb3 Rc8
34. Nxb4 Rb8 35. Nxd5 Rxb3 36. Ne3 Rd3 37. d5 g6 38. g3 Kg7 39. Kg2 f5 40. Kf3
Rd4 41. h4 h5 42. Ng2 Rxd5 43. Nf4 Rd6 44. Ke3 Kf6 45. Kf3 Ra6 46. Ke3 Ra3+ 47.
Ke2 g5 48. hxg5+ Kxg5 49. Ng2 Rb3 50. f3 Rb2+ 51. Kf1 Ra2 52. Kg1 Ra4 53. Kf2
Kf6 54. Ke3 Ke5 {} 55. Nh4 Ra3+ 56. Kf2 Ra2+ 57. Ke3 f4+ 58. gxf4+ Kf6 0-1

[Event "op"]
[Site "Oberwart"]
[Date "1997.07.10"]
[Round "6"]
[White "Votava, Jan"]
[Black "Karpatchev, Aleksandr"]
[Result "1/2-1/2"]
[WhiteElo "2530"]
[BlackElo "2390"]
[PlyCount "52"]
[EventDate "1997.07.10"]

1. c4 e5 2. Nc3 Nf6 3. g3 d5 4. cxd5 Nxd5 5. Nf3 Nc6 6. d3 Nb6 7. Bg2 Be7 8.
O-O O-O 9. a3 Be6 10. b4 a5 11. b5 Nd4 12. Nd2 c6 13. bxc6 bxc6 14. e3 Nf5 15.
Qc2 Rc8 16. Bb2 f6 17. Rfd1 Qe8 18. Nb3 a4 19. Na5 c5 20. Nc4 Rb8 21. Nxb6 Rxb6
22. Nd5 Rb8 23. d4 cxd4 24. exd4 Qb5 25. Nxe7+ Nxe7 26. Rd2 exd4 {.} 1/2-1/2

[Event "op"]
[Site "Oberwart"]
[Date "1997.07.10"]
[Round "6"]
[White "Petschar, Kurt"]
[Black "Farago, Ivan"]
[Result "0-1"]
[WhiteElo "2270"]
[BlackElo "2440"]
[PlyCount "78"]
[EventDate "1997.07.10"]

1. e4 e6 2. d4 d5 3. Nc3 Bb4 4. Qd3 dxe4 5. Qxe4 Nf6 6. Qh4 Qd5 7. Nge2 Nc6 8.
Be3 Qa5 9. O-O-O Ne7 10. g4 Bd7 11. Bg2 O-O-O 12. h3 h5 13. Qg3 Ned5 14. Nxd5
Nxd5 15. Bxd5 Qxd5 16. Kb1 Bc6 17. Rhg1 Qf3 18. Nf4 hxg4 19. Qxg4 Qxg4 20. hxg4
Bf3 21. Rc1 Bd6 22. g5 Be4 23. Rcd1 Bf3 24. Rc1 Rh4 25. Nd3 Bh2 26. Rge1 f6 27.
b3 b6 28. Kb2 Re4 29. gxf6 gxf6 30. Bd2 Be2 31. Bf4 Rh8 32. Kc3 Bxd3 33. Bxh2
Bxc2 34. Bxc7 Kxc7 35. Kxc2 Rf4 36. Rxe6 Rxf2+ 37. Kd3+ Kd7 {} 38. Re2 Rh3+
39. Kd2 Rhh2 0-1

[Event "op"]
[Site "Oberwart"]
[Date "1997.07.10"]
[Round "6"]
[White "Kiss, Attila"]
[Black "Knoll, Hermann"]
[Result "0-1"]
[WhiteElo "2425"]
[BlackElo "2225"]
[PlyCount "78"]
[EventDate "1997.07.10"]

1. d4 Nf6 2. c4 g6 3. Nf3 Bg7 4. g3 O-O 5. Bg2 d5 6. cxd5 Nxd5 7. O-O Nb6 8.
Nc3 Nc6 9. d5 Na5 10. e4 Nac4 11. Re1 e6 12. dxe6 Bxe6 13. Qc2 Ne5 14. Nxe5
Bxe5 15. Bh6 Re8 16. Rad1 Qe7 17. Rd3 c6 18. Red1 Red8 19. f4 Rxd3 20. Qxd3
Qc5+ 21. Kh1 Bg7 22. Bxg7 Kxg7 23. b3 f6 24. h3 Re8 25. e5 f5 26. Kh2 h5 27.
Ne2 Kf7 28. Ng1 Nd5 29. Nf3 Rd8 30. Ng5+ Ke7 31. b4 Qb6 32. a4 Rd7 33. b5 Nc3
34. Qxc3 Rxd1 35. Qa3+ Ke8 36. Nf3 Bd5 37. h4 Qf2 38. Qd6 Bxf3 39. Qxg6+ Kd8 {
Zeitueberschreitung.} 0-1

[Event "op"]
[Site "Oberwart"]
[Date "1997.07.10"]
[Round "6"]
[White "Rogulj, Branko"]
[Black "Sardy, Peter"]
[Result "1-0"]
[WhiteElo "2425"]
[BlackElo "1723"]
[PlyCount "40"]
[EventDate "1997.07.10"]

1. e4 e5 2. Nf3 Nc6 3. Bb5 a6 4. Ba4 Nf6 5. O-O Nxe4 6. d4 b5 7. Bb3 d5 8. dxe5
Be6 9. c3 Bc5 10. Nbd2 O-O 11. Bc2 Nxf2 12. Rxf2 f6 13. exf6 Bxf2+ 14. Kxf2
Qxf6 15. Nf1 g5 16. Qd3 Rf7 17. Bxg5 Qg7 18. Re1 Bf5 19. Qxd5 Bxc2 20. Qxc6
Raf8 {} 1-0

[Event "op"]
[Site "Oberwart"]
[Date "1997.07.10"]
[Round "6"]
[White "Stanetzek, Carsten"]
[Black "Agnos, Dimitri"]
[Result "0-1"]
[WhiteElo "2220"]
[BlackElo "2505"]
[PlyCount "54"]
[EventDate "1997.07.10"]

1. e4 c5 2. c4 Nc6 3. Nc3 g6 4. g3 Bg7 5. Bg2 e6 6. Nge2 Nge7 7. O-O O-O 8. d3
d6 9. Rb1 b6 10. a3 Bb7 11. b4 Qd7 12. Qa4 h6 13. f4 f5 14. Be3 Rad8 15. Rfd1
Qc8 16. Nb5 a6 17. Nbc3 Nd4 18. bxc5 {} 18... Bc6 19. Nxd4 Bxa4 20. Nxa4 bxc5
21. Nb6 Bxd4 22. Bxd4 Qc7 23. exf5 cxd4 24. fxe6 Rb8 25. Nd5 Nxd5 26. Bxd5 Kg7
27. Rb4 a5 0-1

[Event "op"]
[Site "Oberwart"]
[Date "1997.07.10"]
[Round "6"]
[White "Loginov, Valery"]
[Black "Hager, Herbert"]
[Result "0-1"]
[WhiteElo "2555"]
[BlackElo "2190"]
[PlyCount "158"]
[EventDate "1997.07.10"]

1. Nf3 c5 2. g3 Nc6 3. c4 g6 4. Bg2 Bg7 5. Nc3 e5 6. a3 Nge7 7. b4 d6 8. Rb1
O-O 9. d3 Rb8 10. Bd2 h6 11. Qc1 Kh7 12. h4 f6 13. h5 g5 14. Nh2 f5 15. g4 e4
16. gxf5 exd3 17. e4 Qe8 18. Kf1 Nd4 19. bxc5 dxc5 20. Ng4 Nexf5 21. exf5 Ne2
22. Qe1 Bxf5 23. Ne3 Bxc3 24. Nxf5 Rxf5 25. Bh3 Rf7 26. Bxc3 Nxc3 27. Bf5+ Rxf5
28. Rxb7+ Kg8 29. Rxb8 Qxb8 {} 30. Qe6+ Rf7 31. Qg6+ Rg7 32. Qe6+ Kh7 33. Qf5+
Kh8 34. Qxd3 Qb1+ 35. Qxb1 Nxb1 36. Ke2 Nxa3 37. Rc1 Rd7 38. Rc3 Nb1 39. Re3
Nd2 40. Re5 Nb3 41. Ke3 a5 42. Re8+ Kg7 43. Ra8 Rd6 44. Ra7+ Kf6 45. f3 Kf5 46.
Rf7+ Rf6 47. Rb7 Re6+ 48. Kf2 Nd2 49. Rc7 Nxc4 50. Rxc5+ Ne5 51. Rxa5 Rd6 52.
Kg3 Kf6 53. Ra7 Kf5 54. Ra5 Rf6 55. Kg2 Rc6 56. Ra3 Kf4 57. Ra4+ Rc4 58. Ra6
Rc2+ 59. Kh3 Rc6 60. Ra8 Nxf3 61. Rf8+ Ke4 62. Kg3 Nh4 63. Kg4 Ke5 64. Re8+ Kf6
65. Rf8+ Ke7 66. Rf1 Rc4+ 67. Kh3 Re4 68. Rf2 Nf3 69. Ra2 Ne5 70. Ra6 Rh4+ 71.
Kg3 Rxh5 72. Rb6 Rh4 73. Ra6 h5 74. Rh6 Rg4+ 75. Kh2 h4 76. Kh1 Rf4 77. Kg2 Rf6
78. Rh5 Nf7 79. Kh3 Rh6 0-1